ბათუმის შოთა რუსთაველის სახელმწიფო უნივერსიტეტის ბიბლიოთეკა

რუსეთი და საქართველო : აგრესიის გაკვეთილები : (ბიბ.ჩანაწერი № 37696)

000 -ლიდერი
ფიქსირებული სიგრძის საკონტროლო ველი 01237nam a2200241Ia 4500
001 - საკონტროლო ნომერი
საკონტროლო ველი 3669
003 - საკონტროლო ნომრის იდენტიფიკატორი
საკონტროლო ველი GE_BSU
005 - ბოლო ოპერაციის თარიღი და დრო
საკონტროლო ველი 20190625161621.0
008 - ფიქსირებული სიგრძის მონაცემთა ელემენტები - ზოგადი ინფორმაცია
ფიქსირებული სიგრძის საკონტროლო ველი 181216s||||||||xx |||||||||||||| ||und||
020 ## - წიგნის საერთაშორისო სტანდარტული ნომერი
International Standard Book Number 9789941007101
040 ## - კატალოგიზაციის წყარო
Transcribing agency GE_BSU
080 ## - უნივერსალური ათობითი კლასიფიკაციის ინდექსი
Universal Decimal Classification number 327.5
245 ## - ცნობა სათაურის შესახებ
Title რუსეთი და საქართველო : აგრესიის გაკვეთილები :
Remainder of title სტატიების კრებული /
Statement of responsibility, etc პოლიტოლოგიის ინ-ტი ; რედ. მალხაზ მაცაბერიძე.
264 ## - წარმოების, გამოცემის, დისტრიბუციის და სხვა ცნობები
გამოცემის, წარმოების, დისტრიბუციის... ადგილი თბილისი :
გამოცემის, წარმოების, დისტრიბუციის... სახელწოდება ახალი აზრი,
გამოცემის, წარმოების, დისტრიბუციის... თარიღი 2008.
300 ## - ფიზიკური აღწერა
Extent 92 გვ.;
Other physical details 20 სმ.
504 ## - BIBLIOGRAPHY, ETC. NOTE
Bibliography, etc ბიბლიოგრ. ტექსტის შენიშვნ.
520 ## - SUMMARY, ETC.
Summary, etc რეზ. ინგლ.
653 ## - INDEX TERM--UNCONTROLLED
Uncontrolled term საქართველოს ისტორია
653 ## - INDEX TERM--UNCONTROLLED
Uncontrolled term საქართველოს ანექსია რუსეთის მიერ
653 ## - INDEX TERM--UNCONTROLLED
Uncontrolled term საქართველო-რუსეთის ურთიერთობების ისტორია
700 ## - ADDED ENTRY--PERSONAL NAME
Personal name მაცაბერიძე, მალხაზ
Relator term რედაქტორი
9 (RLIN) 1009
942 ## - ADDED ENTRY ELEMENTS (KOHA)
Koha item type წიგნი
Source of classification or shelving scheme
ეგზემპლარები
ჩამოწერის სტატუსი დაკარგული ეგზემპლარის სტატუსი კლასიფიკაციის წყარო ან თაროზე გაწყობის სქემა დაზიანების სტატუსი არ გაიცემა მუდმივი მდებარეობა (დაცვის ადგილი) ამჟამინდელი ადგილსამყოფელი თაროზე განთავსების ადგილი შეძენის თარიღი სრული შენახვის შიფრი შტრიხკოდი ბოლო ოპერაციის თარიღი ეგზემპლარის მიმდევრობითი ნომერი (კეტერი?) ფასის ძალაში შესვლის თარიღი ეგზემპლარის სახეობა საჯარო შენიშვნა
          ბათუმის შოთა რუსთაველის სახელმწიფო უნივერსიტეტის მთავარი ბიბლიოთეკა ბათუმის შოთა რუსთაველის სახელმწიფო უნივერსიტეტის მთავარი ბიბლიოთეკა წიგნსაცავი 2018-12-17 327.5 რ–93 5158 2018-12-17 5158 2018-12-17 წიგნი